Harc a közönnyel egyvalamire jók voltak az államnyelvi bírságok: most van mire hivatkozni

Bibliographic Details
Main Author: Mózes, Szabolcs, 1979- (Author)
Format: Article
Language:Hungarian
ISSN:1335-7050
Subjects:

MARC

LEADER 00000nab a2200000 ar4500
001 vtls010261937
003 SK-MaSNL
005 20260318123450.0
008 110308c20110225xo |||||||| 000 b|hun
015 |a SNBRB2011/03  |2 snkbucl 
038 |a SNKBUCL 
040 |a DSZK  |b slo  |c DSZK  |e AACR2 
041 0 |a hun 
044 |a xo  |c SK 
080 |a 342.725  |x (437.6)  |2 2001 
080 |a 342.724  |x (437.6)  |2 2001 
080 |a 341.234:81`244  |x (437.6)  |2 2001 
080 |a 316.022.4  |x (=511.141)  |x (437.6)  |2 2001 
100 1 |a Mózes, Szabolcs,  |d 1979-  |4 aut  |9 1034470 
245 1 0 |a Harc a közönnyel  |b egyvalamire jók voltak az államnyelvi bírságok: most van mire hivatkozni  |c Mózes Szabolcs 
650 0 7 |a Zákon o používaní jazykov národnostných menšín  |2 snkbucl  |9 1084937 
650 0 7 |a Maďari  |z Slovensko  |2 snkbucl  |9 301236 
650 0 7 |a menšinový jazyk  |2 SNKPH  |9 71758 
650 0 7 |a jazyky národnostných menšín  |2 snkbucl  |9 390261 
650 0 7 |a jazykové právo  |2 SNKPH  |9 2264 
650 0 7 |a používanie jazykov vo verejnom styku  |2 snkbucl  |9 1270305 
651 7 |a Slovensko  |2 SNKPHgeo  |9 14231 
655 7 |a názory  |2 snkbucl  |9 314429 
773 0 |t Új szó  |g Évf. 64, sz. 46 (25.2.2011), o. 7  |x 1335-7050 
852 |a SNK  |b KIS3GCP 
852 |a DSZK  |b KIS3GCP 
958 |a HU 
958 |a SK 
999 |c 2688113  |d 2690043